Ohio FBS, FCS, DII, DIII College Football Teams - Statistics

General Stats
  • This quiz has been taken 24 times
    10 since last reset
  • The average score is 23 of 36
Answer Stats
Division Answer % Correct
FBS Akron
88%
FBS Bowling Green
88%
FBS Cincinnati
88%
DIII Mount Union
88%
FBS Ohio
88%
FBS Ohio State
88%
FBS Toledo
88%
FCS Dayton
75%
DIII Denison
75%
DII Findlay
75%
FBS Kent State
75%
DIII Marietta
75%
FBS Miami
75%
DIII Ohio Northern
75%
DII Tiffin
75%
FCS Youngstown State
75%
DII Ashland
63%
DIII Baldwin Wallace
63%
DIII Capital
63%
DIII Heidelberg
63%
DIII John Carroll
63%
DIII Muskingum
63%
DIII Oberlin
63%
DII Ohio Dominican
63%
DIII Case Western Reserve
50%
DIII Hiram
50%
DII Lake Erie College
50%
DII Walsh
50%
DIII Wilmington
50%
DIII Wittenberg
50%
DIII Bluffton
38%
DIII Kenyon
38%
DIII Mount St. Joseph
38%
DIII Ohio Wesleyan
38%
DIII Otterbein
38%
DIII The College of Wooster
25%
No matching quizzes found
Score Distribution
Percent of People with Each Score
Percentile by Number Answered
Your Score History
You have not taken this quiz since the last reset